Política de avasallamiento del Fondo Monetario Internacional /

Guardado en:
Bibliografiske detaljer
Hovedforfatter: Kunctsov, Viacheslav
Format: Texto
Tags: Tilføj Tag
Ingen Tags, Vær først til at tagge denne postø!

MARC

LEADER 00000 a a2200000 04500
001 624
003
040
100 |a Kunctsov, Viacheslav  
245 |a Política de avasallamiento del Fondo Monetario Internacional /  |c Viacheslav Kunctsov  
773 |g número 2; páginas 48-55  
999 |c 19758  |d 19758